[Event "North American Open 2009"]
[Site "Las Vegas"]
[Date "2009.12.26"]
[Round "1"]
[White "Brownscombe, T."]
[Black "Shabalov, A."]
[Result "0-1"]
[WhiteElo "2203"]
[BlackElo "2606"]
[PlyCount "58"]
[EventDate "2009.12.??"]
[EventType "swiss"]
[EventRounds "7"]
[EventCountry "USA"]
[Source "Mark Crowther"]
[SourceDate "2009.12.28"]

1. e4 c5 2. Nf3 Nc6 3. d4 cxd4 4. Nxd4 Nf6 5. Nc3 e5 6. Ndb5 d6 7. Bg5 a6 8.
Bxf6 gxf6 9. Na3 b5 10. Nd5 Bg7 11. c3 f5 12. Bd3 Be6 13. Qh5 O-O 14. exf5 Bxd5
15. f6 e4 16. fxg7 Re8 17. Be2 Re5 18. Qh6 Rg5 19. O-O Ne5 20. Kh1 e3 21. f3
Ng6 22. Bd3 Qf6 23. Be4 e2 24. Rg1 Bxe4 25. fxe4 Re8 26. Qh3 Rxe4 27. Rae1 Qe5
28. Qf3 Rf5 29. Qd3 Re3 0-1

[Event "North American Open 2009"]
[Site "Las Vegas"]
[Date "2009.12.26"]
[Round "1"]
[White "Friedel, J."]
[Black "Schill, W."]
[Result "0-1"]
[WhiteElo "2551"]
[BlackElo "2229"]
[PlyCount "30"]
[EventDate "2009.12.??"]
[EventType "swiss"]
[EventRounds "7"]
[EventCountry "USA"]
[Source "Mark Crowther"]
[SourceDate "2009.12.28"]

1. e4 c5 2. Nf3 d6 3. d4 cxd4 4. Nxd4 Nf6 5. Nc3 Nc6 6. Bg5 e6 7. Qd2 a6 8.
O-O-O Bd7 9. f4 Be7 10. Nf3 b5 11. e5 b4 12. exf6 bxc3 13. Qxc3 gxf6 14. Rxd6
Bxd6 15. Bxf6 Bb4 0-1

[Event "North American Open 2009"]
[Site "Las Vegas"]
[Date "2009.12.26"]
[Round "1"]
[White "Holliman, B."]
[Black "Yermolinsky, A."]
[Result "0-1"]
[WhiteElo "2164"]
[BlackElo "2528"]
[PlyCount "24"]
[EventDate "2009.12.??"]
[EventType "swiss"]
[EventRounds "7"]
[EventCountry "USA"]
[Source "Mark Crowther"]
[SourceDate "2009.12.28"]

1. e4 c5 2. Nf3 d6 3. Bb5+ Nd7 4. O-O Ngf6 5. Re1 e6 6. c3 Be7 7. d4 O-O 8. e5
Nd5 9. Bd3 cxd4 10. exd6 Bxd6 11. Bxh7+ Kxh7 12. Ng5+ Kg8 0-1

[Event "North American Open 2009"]
[Site "Las Vegas"]
[Date "2009.12.26"]
[Round "1"]
[White "Sana, M."]
[Black "Sundararajan, K."]
[Result "0-1"]
[WhiteElo "2135"]
[BlackElo "2516"]
[PlyCount "46"]
[EventDate "2009.12.??"]
[EventType "swiss"]
[EventRounds "7"]
[EventCountry "USA"]
[Source "Mark Crowther"]
[SourceDate "2009.12.28"]

1. d4 d5 2. c4 c6 3. Nf3 Nf6 4. Qc2 dxc4 5. Qxc4 Bg4 6. Ne5 Be6 7. Qd3 Nbd7 8.
Nxd7 Qxd7 9. Nc3 Rd8 10. e4 Qxd4 11. Qxd4 Rxd4 12. Be3 Rd8 13. Bxa7 g6 14. Bb6
Ra8 15. Be2 Bg7 16. Bd4 O-O 17. O-O b5 18. b4 Rfd8 19. Be5 Rd2 20. Rfc1 Nxe4
21. Bxg7 Kxg7 22. Bf3 Nxc3 23. Rxc3 Raxa2 0-1

[Event "North American Open 2009"]
[Site "Las Vegas"]
[Date "2009.12.27"]
[Round "2"]
[White "Acon, J."]
[Black "Akopian, R."]
[Result "0-1"]
[WhiteElo "1824"]
[BlackElo "2105"]
[PlyCount "60"]
[EventDate "2009.12.??"]
[EventType "swiss"]
[EventRounds "7"]
[EventCountry "USA"]
[Source "Mark Crowther"]
[SourceDate "2009.12.28"]

1. e4 d6 2. d4 Nf6 3. Nc3 g6 4. Be2 Bg7 5. g4 c5 6. d5 Na6 7. h3 Nc7 8. a4 Rb8
9. Be3 b6 10. Qd2 a6 11. Bh6 O-O 12. Bxg7 Kxg7 13. g5 Nd7 14. f4 b5 15. a5 b4
16. Nd1 f5 17. Bf3 fxe4 18. Bxe4 e5 19. dxe6 Nxe6 20. Ne2 Qe7 21. Nf2 d5 22.
Qxd5 Nxf4 23. Qd2 Qxg5 24. Rg1 Qe5 25. O-O-O Nxe2+ 26. Qxe2 Nf6 27. Qd3 c4 28.
Qd4 Re8 29. Qxe5 Rxe5 30. Rd4 Be6 0-1

[Event "North American Open 2009"]
[Site "Las Vegas"]
[Date "2009.12.27"]
[Round "2"]
[White "Formanek, E."]
[Black "Milman, L."]
[Result "1/2-1/2"]
[WhiteElo "2240"]
[BlackElo "2474"]
[PlyCount "131"]
[EventDate "2009.12.??"]
[EventType "swiss"]
[EventRounds "7"]
[EventCountry "USA"]
[Source "Mark Crowther"]
[SourceDate "2009.12.28"]

1. d4 d5 2. c4 c6 3. Nc3 Nf6 4. Nf3 e6 5. cxd5 exd5 6. Bg5 Be7 7. Qc2 g6 8. e3
Bf5 9. Bd3 Bxd3 10. Qxd3 O-O 11. O-O Re8 12. Rab1 a5 13. a3 Nbd7 14. Rfc1 Ne4
15. Bxe7 Qxe7 16. Nd2 Nxd2 17. Qxd2 Nb6 18. Ne2 Nc4 19. Qc3 Qd6 20. a4 Qd8 21.
Nf4 Nd6 22. Nd3 Qe7 23. Qe1 Nf5 24. Ne5 Nh4 25. Kh1 f6 26. Nf3 Nxf3 27. gxf3 f5
28. Qd2 f4 29. exf4 Qb4 30. Qd3 Rf8 31. Rg1 Kh8 32. Rg4 Rae8 33. Rbg1 Re1 34.
Rxe1 Qxe1+ 35. Kg2 Re8 36. Qc3 Qxc3 37. bxc3 Re1 38. f5 gxf5 39. Rg5 Ra1 40.
Rxf5 Kg7 41. Re5 Kf6 42. Rh5 Kg6 43. Re5 Rxa4 44. Re7 Rc4 45. Rxb7 Rxc3 46. Kf1
Rc4 47. Rb6 Kf5 48. Ke2 Kf4 49. Kd3 Kxf3 50. Rb7 h5 51. Rf7+ Kg2 52. f4 h4 53.
f5 Rc1 54. Ke2 Rc2+ 55. Ke3 Kxh2 56. f6 c5 57. dxc5 Rxc5 58. Kd4 Rc6 59. Kxd5
Ra6 60. Ke5 a4 61. Rc7 a3 62. f7 Ra8 63. Rc2+ Kg1 64. Rc1+ Kg2 65. Rc2+ Kg1 66.
Rc1+ 1/2-1/2

[Event "North American Open 2009"]
[Site "Las Vegas"]
[Date "2009.12.27"]
[Round "2"]
[White "Krishnan, V."]
[Black "Lein, A."]
[Result "1/2-1/2"]
[WhiteElo "2042"]
[BlackElo "2301"]
[PlyCount "146"]
[EventDate "2009.12.??"]
[EventType "swiss"]
[EventRounds "7"]
[EventCountry "USA"]
[Source "Mark Crowther"]
[SourceDate "2009.12.28"]

1. e4 Nf6 2. e5 Nd5 3. d4 d6 4. c4 Nb6 5. exd6 exd6 6. Nc3 Be7 7. Nf3 O-O 8.
Bd3 Be6 9. b3 d5 10. c5 N6d7 11. h3 Bf6 12. Qc2 h6 13. a3 a5 14. O-O b6 15.
cxb6 Nxb6 16. Ne2 c6 17. Nf4 Re8 18. Nh5 N6d7 19. Re1 Qb6 20. Bh7+ Kh8 21. Bf5
Na6 22. Bxe6 Rxe6 23. Rxe6 fxe6 24. Nxf6 Nxf6 25. Qg6 Rf8 26. Bf4 c5 27. dxc5
Nxc5 28. Be3 Qd6 29. b4 Nb3 30. Rb1 a4 31. Nd4 Nxd4 32. Bxd4 Qf4 33. Bc5 Re8
34. b5 Qe4 35. Qxe4 Nxe4 36. Ba7 Nc3 37. Rb2 Re7 38. Bd4 Ne4 39. f3 Nd6 40. Bc5
Rd7 41. Bxd6 Rxd6 42. f4 g5 43. b6 Rd8 44. g3 gxf4 45. gxf4 Kg7 46. b7 Rb8 47.
Kf2 Kf6 48. Ke3 Ke7 49. Kd4 Kd6 50. Rb6+ Kc7 51. Rxe6 Kxb7 52. Kxd5 Kc7 53. Re4
Rb3 54. Rxa4 Rxh3 55. Ke6 h5 56. f5 h4 57. f6 Re3+ 58. Kf5 h3 59. f7 Rf3+ 60.
Ke6 Re3+ 61. Kf6 Rf3+ 62. Ke7 Re3+ 63. Kf8 h2 64. Rh4 Re2 65. Rh7 Kb6 66. Kg8
Rg2+ 67. Kh8 Rf2 68. Kg7 Rg2+ 69. Kf6 Rf2+ 70. Ke6 Re2+ 71. Kd5 Rd2+ 72. Ke4
Rf2 73. Rxh2 Rxf7 1/2-1/2

[Event "North American Open 2009"]
[Site "Las Vegas"]
[Date "2009.12.27"]
[Round "2"]
[White "Shabalov, A."]
[Black "Rubsamen, C."]
[Result "1-0"]
[WhiteElo "2606"]
[BlackElo "2219"]
[PlyCount "91"]
[EventDate "2009.12.??"]
[EventType "swiss"]
[EventRounds "7"]
[EventCountry "USA"]
[Source "Mark Crowther"]
[SourceDate "2009.12.28"]

1. d4 Nf6 2. c4 g6 3. Nc3 Bg7 4. e4 d6 5. Nf3 O-O 6. h3 e5 7. d5 Na6 8. Bg5 h6
9. Be3 Nc5 10. Nd2 a5 11. g4 Bd7 12. Be2 c6 13. h4 Ne8 14. h5 g5 15. O-O Nc7
16. a3 cxd5 17. cxd5 Qb8 18. Nc4 Nb5 19. Nb6 Nd4 20. Nxa8 Qxa8 21. a4 Qa7 22.
Bb5 Bc8 23. f3 Bf6 24. Ne2 Nxe2+ 25. Qxe2 Bd8 26. Kg2 Bb6 27. Ra3 f6 28. Rc1
Kf7 29. Qd2 Ke7 30. b4 axb4 31. Qxb4 Ba5 32. Bxc5 Qxc5 33. Qxc5 dxc5 34. d6+
Kxd6 35. Rd3+ Ke7 36. Rxc5 Bb6 37. Rc2 Be6 38. Bc4 Rc8 39. Bb3 Rxc2+ 40. Bxc2
Bd4 41. a5 Bc4 42. Rd1 Bc3 43. Ba4 Be6 44. Rb1 Bxa5 45. Rxb7+ Kf8 46. Bb3 1-0

[Event "North American Open 2009"]
[Site "Las Vegas"]
[Date "2009.12.27"]
[Round "2"]
[White "Sundararajan, K."]
[Black "Kudryavtsev, V."]
[Result "1-0"]
[WhiteElo "2516"]
[BlackElo "2171"]
[PlyCount "77"]
[EventDate "2009.12.??"]
[EventType "swiss"]
[EventRounds "7"]
[EventCountry "USA"]
[Source "Mark Crowther"]
[SourceDate "2009.12.28"]

1. d4 Nf6 2. Nf3 e6 3. c4 b6 4. g3 Ba6 5. Qc2 Bb4+ 6. Bd2 Bxd2+ 7. Nbxd2 O-O 8.
Bg2 d5 9. O-O c5 10. dxc5 bxc5 11. cxd5 exd5 12. Qxc5 Nbd7 13. Qd6 Bxe2 14.
Rfe1 Bxf3 15. Nxf3 Qb6 16. Qxb6 axb6 17. Nd4 Rfc8 18. Nf5 Kf8 19. Ne3 Ra4 20.
Nxd5 Rc2 21. Rad1 g6 22. b3 Ra5 23. a4 Rac5 24. b4 Rc8 25. a5 bxa5 26. bxa5
R8c5 27. Nxf6 Nxf6 28. Ra1 Rc7 29. a6 Ra7 30. Reb1 Rcc7 31. Rb8+ Ke7 32. Re1+
Kd7 33. Rd1+ Ke7 34. Re1+ Kd7 35. Rb6 Ne8 36. Bh3+ f5 37. Bf1 Nd6 38. Rd1 Rc6
39. Bb5 1-0

[Event "North American Open 2009"]
[Site "Las Vegas"]
[Date "2009.12.27"]
[Round "2"]
[White "Yermolinsky, A."]
[Black "Karklins, A."]
[Result "1-0"]
[WhiteElo "2528"]
[BlackElo "2198"]
[PlyCount "95"]
[EventDate "2009.12.??"]
[EventType "swiss"]
[EventRounds "7"]
[EventCountry "USA"]
[Source "Mark Crowther"]
[SourceDate "2009.12.28"]

1. Nf3 Nf6 2. c4 e6 3. Nc3 Bb4 4. Qc2 c5 5. a3 Ba5 6. e3 Nc6 7. Be2 d6 8. O-O
e5 9. d4 Bxc3 10. Qxc3 Bg4 11. Re1 O-O 12. dxe5 dxe5 13. h3 Bf5 14. b4 Ne4 15.
Qb2 f6 16. Nd2 Rf7 17. b5 Ne7 18. Rd1 Nd6 19. a4 a5 20. Bf3 Qb6 21. Qc3 Be6 22.
Ne4 Nec8 23. Ba3 Nxe4 24. Bxe4 Nd6 25. Bd5 Bxd5 26. Rxd5 Rc8 27. Rad1 Ne8 28.
e4 g6 29. Qe3 Rfc7 30. f4 exf4 31. Qxf4 Qe6 32. Bb2 b6 33. Rd6 Qxc4 34. Rxf6
Rf7 35. Rxf7 Qxf7 36. Qxf7+ Kxf7 37. Rd7+ Kg8 38. e5 c4 39. Bc3 Nc7 40. Rd6 Re8
41. Bd4 Na8 42. Kf2 Rc8 43. Bc3 Kf7 44. Kf3 Ke7 45. Ke4 Rc5 46. h4 Rc8 47. g4
Rb8 48. Rc6 1-0

[Event "North American Open 2009"]
[Site "Las Vegas"]
[Date "2009.12.27"]
[Round "2"]
[White "Young, G."]
[Black "Mikhalevski, V."]
[Result "1/2-1/2"]
[WhiteElo "2264"]
[BlackElo "2607"]
[PlyCount "99"]
[EventDate "2009.12.??"]
[EventType "swiss"]
[EventRounds "7"]
[EventCountry "USA"]
[Source "Mark Crowther"]
[SourceDate "2009.12.28"]

1. e4 e5 2. Nf3 Nc6 3. Bc4 Bc5 4. Nc3 Nf6 5. d3 h6 6. Nd5 d6 7. c3 Nxd5 8. Bxd5
Qf6 9. Be3 Bb6 10. h3 Ne7 11. Bb3 Ng6 12. a4 Ba5 13. Bc4 c6 14. d4 O-O 15. O-O
Bc7 16. a5 d5 17. Bd3 Qe7 18. dxe5 Nxe5 19. exd5 Rd8 20. Bd4 Nxd3 21. Qxd3 Rxd5
22. Rfe1 Be6 23. b4 Rad8 24. Qe4 Qd7 25. Ne5 Bxe5 26. Bxe5 Bf5 27. Qf4 Rd3 28.
Bd4 Bg6 29. Rad1 Rxd1 30. Rxd1 Qe6 31. Qd2 b6 32. Re1 Qd5 33. axb6 axb6 34. Qe3
b5 35. Qe5 Qxe5 36. Rxe5 Rd6 37. f3 Bd3 38. Kf2 Bc4 39. Re8+ Kh7 40. g4 Re6 41.
Rxe6 Bxe6 42. f4 f5 43. Kg3 g5 44. Bf6 Kg6 45. Bd8 Bf7 46. Be7 Bc4 47. Bd8 Bf1
48. gxf5+ Kxf5 49. fxg5 hxg5 50. Be7 1/2-1/2

[Event "North American Open 2009"]
[Site "Las Vegas"]
[Date "2009.12.27"]
[Round "3"]
[White "Amanov, M."]
[Black "Aigner, M USA."]
[Result "1-0"]
[WhiteElo "2482"]
[BlackElo "2221"]
[PlyCount "39"]
[EventDate "2009.12.??"]
[EventType "swiss"]
[EventRounds "7"]
[EventCountry "USA"]
[Source "Mark Crowther"]
[SourceDate "2009.12.28"]

1. d4 d5 2. c4 c6 3. Nf3 Nf6 4. Nc3 e6 5. Bg5 Nbd7 6. e3 Qa5 7. Nd2 dxc4 8.
Bxf6 Nxf6 9. Nxc4 Qc7 10. Be2 Be7 11. O-O O-O 12. Rc1 Rd8 13. Qb3 Bd7 14. Bf3
Rac8 15. Rfd1 Be8 16. e4 b5 17. Ne3 Qb6 18. e5 Nd7 19. Bg4 c5 20. Ncd5 1-0

[Event "North American Open 2009"]
[Site "Las Vegas"]
[Date "2009.12.27"]
[Round "3"]
[White "Lee, Micha"]
[Black "Shabalov, A."]
[Result "1/2-1/2"]
[WhiteElo "2363"]
[BlackElo "2606"]
[PlyCount "55"]
[EventDate "2009.12.??"]
[EventType "swiss"]
[EventRounds "7"]
[EventCountry "USA"]
[Source "Mark Crowther"]
[SourceDate "2009.12.28"]

1. c4 b6 2. Nc3 e6 3. e4 Bb4 4. Nf3 Bb7 5. Bd3 Ne7 6. O-O O-O 7. a3 Bxc3 8.
dxc3 f5 9. exf5 Nxf5 10. Nd4 Nc6 11. Be4 Na5 12. Nxf5 Bxe4 13. Nxg7 Qf6 14. Nh5
Qg6 15. Ng3 Bc2 16. Qxd7 Rf7 17. Qb5 Nb3 18. Be3 Nxa1 19. Rxa1 Rd8 20. Qe5 Rfd7
21. h4 Rf8 22. Re1 Bf5 23. c5 Qg7 24. Qxg7+ Kxg7 25. Bd4+ Kg8 26. Nxf5 exf5 27.
c6 Rd6 28. Re7 1/2-1/2

[Event "North American Open 2009"]
[Site "Las Vegas"]
[Date "2009.12.27"]
[Round "3"]
[White "Mikhalevski, V."]
[Black "Formanek, E."]
[Result "1-0"]
[WhiteElo "2607"]
[BlackElo "2240"]
[PlyCount "73"]
[EventDate "2009.12.??"]
[EventType "swiss"]
[EventRounds "7"]
[EventCountry "USA"]
[Source "Mark Crowther"]
[SourceDate "2009.12.28"]

1. d4 d5 2. c4 c6 3. Nf3 Nf6 4. e3 Bf5 5. Nc3 e6 6. Nh4 Bg4 7. Qb3 Qb6 8. h3
Bh5 9. g4 Bg6 10. Nxg6 hxg6 11. g5 Nfd7 12. Bd2 Be7 13. f4 Na6 14. cxd5 exd5
15. Qc2 Nb4 16. Qc1 Nf8 17. a3 Na6 18. Qc2 Nb8 19. O-O-O Nbd7 20. Bd3 Ne6 21.
Bxg6 Ndf8 22. Bf5 g6 23. Bg4 O-O-O 24. h4 Kb8 25. h5 c5 26. Na4 Qc6 27. Nxc5
Bxc5 28. dxc5 Nxc5 29. Bc3 Rg8 30. Kb1 Ka8 31. Bf3 gxh5 32. Bf6 Rd7 33. Rc1 Rc7
34. Rhd1 Nfe6 35. f5 Nxg5 36. Bxg5 Rxg5 37. Rxd5 1-0

[Event "North American Open 2009"]
[Site "Las Vegas"]
[Date "2009.12.27"]
[Round "3"]
[White "Milman, L."]
[Black "Anderson, R."]
[Result "1/2-1/2"]
[WhiteElo "2474"]
[BlackElo "2213"]
[PlyCount "100"]
[EventDate "2009.12.??"]
[EventType "swiss"]
[EventRounds "7"]
[EventCountry "USA"]
[Source "Mark Crowther"]
[SourceDate "2009.12.28"]

1. e4 c5 2. Nf3 d6 3. d4 cxd4 4. Nxd4 Nf6 5. Nc3 a6 6. Be3 e5 7. Nb3 Be6 8. f3
Qc7 9. Qd2 Be7 10. O-O-O O-O 11. g4 Rc8 12. g5 Nh5 13. Kb1 Nd7 14. Qf2 Bf8 15.
h4 b5 16. Bh3 Rcb8 17. Bg4 g6 18. Bxh5 gxh5 19. f4 b4 20. Nd5 Bxd5 21. exd5 a5
22. f5 Rc8 23. Rhg1 a4 24. Nc1 Qc4 25. Qe2 Qxe2 26. Nxe2 Rc4 27. Ng3 Rac8 28.
Nxh5 Rxh4 29. Rh1 Rcc4 30. b3 Rce4 31. Rxh4 Rxh4 32. Nf6+ Nxf6 33. gxf6 a3 34.
c4 bxc3 35. Rg1+ Kh8 36. Rc1 h5 37. Rxc3 Rh3 38. Rc8 Rxe3 39. Rxf8+ Kh7 40.
Rxf7+ Kg8 41. Rg7+ Kf8 42. Rd7 Re1+ 43. Kc2 Re2+ 44. Kc3 Rxa2 45. Rxd6 Kf7 46.
Kb4 Ra1 47. Rd8 a2 48. Ka3 Kxf6 49. d6 Kxf5 50. d7 Rd1 1/2-1/2

[Event "North American Open 2009"]
[Site "Las Vegas"]
[Date "2009.12.27"]
[Round "3"]
[White "Naroditsky, D."]
[Black "Sundararajan, K."]
[Result "1-0"]
[WhiteElo "2339"]
[BlackElo "2516"]
[PlyCount "95"]
[EventDate "2009.12.??"]
[EventType "swiss"]
[EventRounds "7"]
[EventCountry "USA"]
[Source "Mark Crowther"]
[SourceDate "2009.12.28"]

1. e4 c6 2. d4 d5 3. Nc3 dxe4 4. Nxe4 Nd7 5. Nf3 Ngf6 6. Nxf6+ Nxf6 7. Bc4 Bf5
8. O-O e6 9. c3 Bd6 10. Qe2 Qc7 11. h3 O-O 12. Nh4 c5 13. Nxf5 exf5 14. Bd3 g6
15. Bg5 Rfe8 16. Qd2 Ne4 17. Bxe4 fxe4 18. dxc5 Bxc5 19. Rad1 Re6 20. Be3 Rd6
21. Qe2 Bxe3 22. fxe3 Rad8 23. Rd4 Rxd4 24. cxd4 f5 25. Qd2 Rc8 26. Qb4 b6 27.
Qb3+ Kg7 28. Qe6 Rf8 29. Kh1 Rf6 30. Qe8 Rc6 31. d5 Rc2 32. Rd1 Qg3 33. Qe7+
Kh6 34. Qf8+ Kh5 35. Rg1 Rd2 36. Qf7 h6 37. b4 Rxa2 38. d6 Rd2 39. d7 Qd6 40.
Rf1 Qxd7 41. Rxf5+ Qxf5 42. g4+ Kh4 43. gxf5 Kxh3 44. Qxg6 Rd1+ 45. Qg1 Rxg1+
46. Kxg1 a5 47. bxa5 bxa5 48. f6 1-0

[Event "North American Open 2009"]
[Site "Las Vegas"]
[Date "2009.12.27"]
[Round "3"]
[White "Zierk, S."]
[Black "Yanayt, E."]
[Result "1-0"]
[WhiteElo "2306"]
[BlackElo "2165"]
[PlyCount "81"]
[EventDate "2009.12.??"]
[EventType "swiss"]
[EventRounds "7"]
[EventCountry "USA"]
[Source "Mark Crowther"]
[SourceDate "2009.12.28"]

1. e4 c5 2. Nf3 d6 3. d4 cxd4 4. Nxd4 Nf6 5. Nc3 a6 6. a4 g6 7. Bc4 Bg7 8. O-O
O-O 9. Re1 Nc6 10. Nb3 b6 11. f3 Bb7 12. Be3 Ne5 13. Bf1 Qc7 14. Qd2 e6 15. Nd4
Nc4 16. Bxc4 Qxc4 17. Nb3 Qc7 18. Qf2 Nd7 19. Rad1 Rfd8 20. Bd4 e5 21. Be3 f5
22. Bg5 Bf6 23. Qh4 Rf8 24. Rd3 Rae8 25. Red1 Re6 26. Nd5 Bxd5 27. exd5 Bxg5
28. Qxg5 Ref6 29. Rc3 Qa7 30. Qe3 Nc5 31. a5 Rc8 32. axb6 Qxb6 33. Nxc5 Rxc5
34. Rxc5 Qxc5 35. Qxc5 dxc5 36. d6 Rf8 37. c4 Kf7 38. b4 cxb4 39. c5 Ke6 40. c6
Rc8 41. d7 1-0

[Event "North American Open 2009"]
[Site "Las Vegas"]
[Date "2009.12.28"]
[Round "4"]
[White "Anderson, R."]
[Black "Friedel, J."]
[Result "0-1"]
[WhiteElo "2213"]
[BlackElo "2551"]
[PlyCount "92"]
[EventDate "2009.12.??"]
[EventType "swiss"]
[EventRounds "7"]
[EventCountry "USA"]
[Source "Mark Crowther"]
[SourceDate "2010.01.04"]

1. e4 e5 2. Nf3 Nc6 3. Bb5 a6 4. Ba4 Nf6 5. O-O Be7 6. Re1 b5 7. Bb3 d6 8. c3
O-O 9. h3 Na5 10. Bc2 c5 11. d4 Nd7 12. a4 b4 13. cxb4 cxb4 14. b3 exd4 15.
Nxd4 Bf6 16. Bb2 Qb6 17. Ra2 Nc5 18. Nf5 Bxb2 19. Ne7+ Kh8 20. Nd5 Qd8 21. Rxb2
Be6 22. Nd2 Bxd5 23. exd5 Qf6 24. Rb1 g6 25. Nf3 Rfc8 26. Qd2 Ncb7 27. Re3 Rc5
28. Be4 Rc3 29. Rxc3 bxc3 30. Qd4 Qxd4 31. Nxd4 Re8 32. Bf3 Nc5 33. b4 Ncb3 34.
Nc2 Nd2 35. Re1 Rxe1+ 36. Nxe1 Nxf3+ 37. gxf3 Nc4 38. a5 Kg7 39. Kf1 Kf6 40. f4
Kf5 41. Ke2 Kxf4 42. Kd3 Na3 43. Kxc3 Ke4 44. Nc2 Nxc2 45. b5 Nd4 46. bxa6 Nb5+
0-1

[Event "North American Open 2009"]
[Site "Las Vegas"]
[Date "2009.12.28"]
[Round "4"]
[White "Dean, J."]
[Black "Amanov, M."]
[Result "0-1"]
[WhiteElo "2244"]
[BlackElo "2482"]
[PlyCount "68"]
[EventDate "2009.12.??"]
[EventType "swiss"]
[EventRounds "7"]
[EventCountry "USA"]
[Source "Mark Crowther"]
[SourceDate "2010.01.04"]

1. d4 d5 2. c4 c6 3. Nf3 Nf6 4. Qc2 g6 5. Bf4 Bg7 6. e3 O-O 7. Nbd2 Bf5 8. Qb3
Qb6 9. c5 Qxb3 10. axb3 Nbd7 11. b4 Nh5 12. b5 Nxf4 13. exf4 f6 14. Nh4 Be6 15.
Bd3 g5 16. bxc6 bxc6 17. Nf5 Rfe8 18. Nxg7 Kxg7 19. fxg5 fxg5 20. h4 g4 21. O-O
Reb8 22. Rfe1 Nf8 23. Ra6 Rxb2 24. Nf1 Rb4 25. Rxc6 Rxd4 26. Ba6 Kf7 27. Rc7
Ng6 28. g3 Kf6 29. Bb7 Rb8 30. Ra1 Ne5 31. Rxa7 Bf5 32. Ra8 Rxa8 33. Bxa8 Rd1
34. c6 Nf3+ 0-1

[Event "North American Open 2009"]
[Site "Las Vegas"]
[Date "2009.12.28"]
[Round "4"]
[White "Formanek, E."]
[Black "Akopian, R."]
[Result "1-0"]
[WhiteElo "2240"]
[BlackElo "2105"]
[PlyCount "125"]
[EventDate "2009.12.??"]
[EventType "swiss"]
[EventRounds "7"]
[EventCountry "USA"]
[Source "Mark Crowther"]
[SourceDate "2010.01.04"]

1. d4 Nf6 2. c4 c5 3. Nf3 cxd4 4. Nxd4 b6 5. Nc3 Bb7 6. Bg5 a6 7. f3 e6 8. e4
d6 9. Be2 Be7 10. Qd2 h6 11. Be3 Qc7 12. O-O O-O 13. Rac1 Nbd7 14. Rfe1 Rfe8
15. Bf1 Rac8 16. Bf2 Qb8 17. Nc2 Bd8 18. Bg3 Ne5 19. Ne3 Nh5 20. Bf2 Bc7 21.
Qd1 Ng6 22. g3 Nf6 23. Bg2 Bc6 24. Nc2 h5 25. Nd4 Bb7 26. b3 Rcd8 27. Kh1 h4
28. f4 e5 29. Nde2 exf4 30. Nxf4 Nxf4 31. gxf4 h3 32. Bf3 d5 33. cxd5 Bxf4 34.
Bxb6 Rc8 35. Bd4 Nd7 36. Bg4 Ne5 37. Rc2 Nxg4 38. Qxg4 Be5 39. Qd1 f5 40. Re3
Bxd4 41. Qxd4 Qf4 42. Rg3 Qf1+ 43. Qg1 Qxg1+ 44. Kxg1 fxe4 45. Re2 Rc7 46. Rxh3
Re5 47. Rhe3 Bxd5 48. Nxd5 Rxd5 49. Rxe4 Rcc5 50. Kf2 a5 51. Rc4 Rb5 52. Ke1
Rh5 53. h4 Rh6 54. Kd2 Rg6 55. Kc2 Rg3 56. Kb2 Kh7 57. Rce4 Rb6 58. Ka3 Rf3 59.
Re5 Ra6 60. Ka4 Rf4+ 61. R2e4 Rf2 62. a3 Rf3 63. Rxa5 1-0

[Event "North American Open 2009"]
[Site "Las Vegas"]
[Date "2009.12.28"]
[Round "4"]
[White "Lee, Micha"]
[Black "Mikhalevski, V."]
[Result "0-1"]
[WhiteElo "2363"]
[BlackElo "2607"]
[PlyCount "57"]
[EventDate "2009.12.??"]
[EventType "swiss"]
[EventRounds "7"]
[EventCountry "USA"]
[Source "Mark Crowther"]
[SourceDate "2010.01.04"]

1. c4 Nf6 2. Nc3 d5 3. cxd5 Nxd5 4. g3 e5 5. Bg2 Nb6 6. Nf3 Nc6 7. d3 Be7 8. a3
Be6 9. b4 a5 10. b5 Nd4 11. Rb1 f6 12. Na4 Bd5 13. Nxd4 Bxg2 14. Ne6 Qd7 15.
Nxg7+ Kf7 16. Rg1 Bh3 17. Nh5 Qg4 18. Nxb6 cxb6 19. Qb3+ Ke8 20. Bh6 Qxh5 21.
Bg7 Qf7 22. Bxh8 Be6 23. Qa4 Kf8 24. g4 Kg8 25. Bxf6 Qxf6 26. Qe4 Rf8 27. Rg2
Bxa3 28. Qxb7 Qd8 29. Rg3 0-1

[Event "North American Open 2009"]
[Site "Las Vegas"]
[Date "2009.12.28"]
[Round "4"]
[White "Riordan, C."]
[Black "Zierk, S."]
[Result "0-1"]
[WhiteElo "2305"]
[BlackElo "2306"]
[PlyCount "106"]
[EventDate "2009.12.??"]
[EventType "swiss"]
[EventRounds "7"]
[EventCountry "USA"]
[Source "Mark Crowther"]
[SourceDate "2010.01.04"]

1. e4 c5 2. Nf3 Nc6 3. d4 cxd4 4. Nxd4 Nf6 5. Nc3 e5 6. Ndb5 d6 7. Bg5 a6 8.
Na3 b5 9. Nd5 Be7 10. Bxf6 Bxf6 11. c4 b4 12. Nc2 a5 13. Be2 O-O 14. O-O Bg5
15. b3 Ra7 16. Qd3 f5 17. Nde3 Bxe3 18. fxe3 Ne7 19. Rad1 Ra6 20. exf5 Rxf5 21.
Rxf5 Bxf5 22. e4 Be6 23. c5 Rc6 24. Qb5 h6 25. Bc4 Bxc4 26. Qxc4+ Kh7 27. Ne3
Qb8 28. Qf7 Qa7 29. Ng4 Qxc5+ 30. Kh1 Ng8 31. Rf1 Rc7 32. Qf5+ Kh8 33. h3 Qb5
34. Rf2 Qe8 35. Ne3 Nf6 36. Nc4 Qc6 37. Qg6 d5 38. Nxe5 Qe6 39. Ng4 Rc1+ 40.
Kh2 Qd6+ 41. e5 Nxg4+ 42. Qxg4 Qxe5+ 43. g3 Kh7 44. h4 h5 45. Qf5+ Qxf5 46.
Rxf5 Rc2+ 47. Kh3 g6 48. Rxd5 Rxa2 49. Rd7+ Kg8 50. Ra7 Ra3 51. Kg2 Kf8 52. g4
hxg4 53. Kg3 a4 0-1

[Event "North American Open 2009"]
[Site "Las Vegas"]
[Date "2009.12.28"]
[Round "4"]
[White "Shabalov, A."]
[Black "Naroditsky, D."]
[Result "0-1"]
[WhiteElo "2606"]
[BlackElo "2339"]
[PlyCount "74"]
[EventDate "2009.12.??"]
[EventType "swiss"]
[EventRounds "7"]
[EventCountry "USA"]
[Source "Mark Crowther"]
[SourceDate "2010.01.04"]

1. e4 c5 2. Nf3 d6 3. d4 cxd4 4. Nxd4 Nf6 5. Nc3 a6 6. Be2 e5 7. Nb3 Be7 8. O-O
O-O 9. Re1 Be6 10. Bf3 Nbd7 11. a4 Qc7 12. a5 b5 13. axb6 Nxb6 14. Na5 Nc4 15.
Nxc4 Bxc4 16. Bd2 Rfc8 17. b3 Be6 18. Ra2 Qb7 19. Qe2 Bd8 20. Rea1 Bb6 21. Na4
Bd4 22. Rd1 d5 23. exd5 Bxd5 24. Bxd5 Nxd5 25. Qf3 Rab8 26. Be1 Rd8 27. Nb2 Qa7
28. Nc4 e4 29. Qe2 Nf4 30. Qg4 Ne6 31. Kf1 Qb7 32. Na5 Qc7 33. g3 e3 34. fxe3
Bxe3 35. Rxd8+ Rxd8 36. Nc4 Ba7 37. Ba5 Qc5 0-1

[Event "North American Open 2009"]
[Site "Las Vegas"]
[Date "2009.12.28"]
[Round "4"]
[White "Sundararajan, K."]
[Black "Rubsamen, C."]
[Result "1-0"]
[WhiteElo "2516"]
[BlackElo "2219"]
[PlyCount "81"]
[EventDate "2009.12.??"]
[EventType "swiss"]
[EventRounds "7"]
[EventCountry "USA"]
[Source "Mark Crowther"]
[SourceDate "2010.01.04"]

1. d4 Nf6 2. Nf3 g6 3. Bg5 Bg7 4. Nbd2 O-O 5. c3 d6 6. e4 Nbd7 7. Be2 c6 8. O-O
e5 9. Re1 Qc7 10. Bf1 h6 11. Bh4 g5 12. Bg3 Nh5 13. dxe5 dxe5 14. Bxe5 Nxe5 15.
Nxe5 Qxe5 16. Qxh5 g4 17. Qxe5 Bxe5 18. Nc4 Bc7 19. a4 Be6 20. Ne3 Rad8 21. Bc4
Bb6 22. Bxe6 fxe6 23. Re2 Bxe3 24. fxe3 Kg7 25. Rf1 Rxf1+ 26. Kxf1 Kf6 27. Rf2+
Ke5 28. Ke2 Rd7 29. Rf8 Rh7 30. a5 h5 31. Re8 Kd6 32. Rg8 Ke5 33. Rg6 a6 34. b3
Rh8 35. Rg7 Rb8 36. Rg5+ Kf6 37. Rxh5 b6 38. axb6 Rxb6 39. b4 e5 40. Rh6+ Kf7
41. Kf2 1-0